000 00498nam a22001937i 4500
001 1984
003 OSt
005 20170126082301.0
007 tu
008 161220s1980 xxu||||| |||| 00| 0 d
024 7 _a1983
_2RID
040 _cOSt
084 _a11.81
_a15.503
_a11.71
_a15.53
_2z
100 1 _aMcMillan, Carl H.
245 0 0 _aJoint Investment in Resource Development: Sectoral Approaches to Socialist Integration
260 _aOttawa,
_c1980.
300 _a74 S. ;
_c30cm.
700 1 _aHannigan, John
942 _cB
999 _c1963
_d1963